KOHA-Header-6

Statistics for Business and Economics (Record no. 8729)

000 -LEADER
fixed length control field 00254nam a2200109Ia 4500
020 ## - INTERNATIONAL STANDARD BOOK NUMBER
ISBN 978-0321640116
100 ## - MAIN ENTRY--AUTHOR NAME
Personal name Mcclave, Benson
245 #0 - TITLE STATEMENT
Title Statistics for Business and Economics
260 ## - PUBLICATION, DISTRIBUTION, ETC. (IMPRINT)
Place of publication New york
Name of publisher Prentice
Year of publication 2000
300 ## - PHYSICAL DESCRIPTION
Number of Pages 863
942 ## - ADDED ENTRY ELEMENTS (KOHA)
Koha item type Books
Holdings
Withdrawn status Lost status Collection code Permanent Location Current Location Shelving location Date acquired Full call number Accession Number Koha item type
    Statistics MAJU MAJU Shelf No.A27 2019-09-14 330.2 3675 Statistics

Powered by Koha